00411nam a2200157Ia 4500003000400000008004100004040001600045082001300061100001800074245004800092260004200140300001000182490002400192650001500216650002200231GCL140319s9999 xx 000 0 eng d aGCL / cGCL04a843bP A1 aPROU, SUZANNE10aLES AMIS DE MONSIEUR PAUL / cPROU, SUZANNE a[S.N] : bMERCURE DE FRANCE ، c1991 a156 P aCOLLECTION FOLIOv004aLITERATURE04aFRENCH LITERATURE